000 00765nam a22002057a 4500
999 _c18368
_d18368
003 AR-CdUCM
008 190513b ||||| |||| 00| 0 spa d
040 _aMUNICIPALIDAD PROVINCIAL DEL CUSCO
_cBIBLIOTECA MUNICIPAL DEL CUSCO
082 _a985.01 /
_bR84
100 _aRostworowski de Diez Canseco, María
_97375
245 _aCucaras y sucesiones :
_bcosta norte /
260 _aLima :
_bImp. Minerva,
_c1961.
300 _a136 páginas ;
_c21 cm.
505 _aContenido: Caciques de Reque, Callanca y Monsefú -- Cacicazgo de Nariguala de Catacaos -- Cacicazgo de La Punta de la Aguja, Nonura y Pisura ...
650 _aHistoria
_9136
650 _aCuracas
_92778
650 _aPerú pre-hispánico
_938908
942 _2ddc
_cLIBROS
945 _aacv
_d2019-05-13